|
|
|
|
| LEADER |
00000cam a2200000 c 4500 |
| 001 |
265592828 |
| 003 |
DE-627 |
| 005 |
20260206155040.0 |
| 007 |
tu |
| 008 |
990308s1999 gw ||||| 00| ||ger c |
| 015 |
|
|
|a 99,N12,0088
|2 dnb
|
| 015 |
|
|
|a 99,A27,0263
|2 dnb
|
| 016 |
7 |
|
|a 955630290
|2 DE-101
|
| 020 |
|
|
|a 3579051709
|c : ca. DM 38.00, ca. sfr 36.00, ca. S 277.00 (kart.)
|9 3-579-05170-9
|
| 035 |
|
|
|a (DE-627)265592828
|
| 035 |
|
|
|a (DE-603)074410555
|
| 035 |
|
|
|a (DE-576)075320630
|
| 035 |
|
|
|a (DE-599)DNB955630290
|
| 035 |
|
|
|a (OCoLC)237352322
|
| 035 |
|
|
|a (OCoLC)831222679
|
| 035 |
|
|
|a (OCoLC)43035586
|
| 035 |
|
|
|a (OCoLC)237352322
|
| 035 |
|
|
|a (AT-OBV)AC02495645
|
| 040 |
|
|
|a DE-627
|b ger
|c DE-627
|e rakwb
|
| 041 |
|
|
|a ger
|
| 044 |
|
|
|c XA-DE
|
| 050 |
|
0 |
|a MLCS 2006/04351 (B)
|
| 084 |
|
|
|a 12
|2 sdnb
|
| 084 |
|
|
|a 12
|a 14
|2 sdnb
|
| 084 |
|
|
|a 1
|2 ssgn
|
| 084 |
|
|
|a BL 5380
|2 rvk
|0 (DE-625)rvk/12177:
|
| 084 |
|
|
|a 11.69
|2 bkl
|
| 245 |
0 |
0 |
|a Sexuelle Gewalt gegen Mädchen und Frauen als Thema der feministischen Theologie
|c hrsg. von Ulrike Eichler und Ilse Müllner
|
| 250 |
|
|
|a Orig.-Ausg
|
| 264 |
|
1 |
|a Gütersloh
|b Kaiser Gütersloher Verlagshaus
|c 1999
|
| 300 |
|
|
|a 255 S
|
| 336 |
|
|
|a Text
|b txt
|2 rdacontent
|
| 337 |
|
|
|a ohne Hilfsmittel zu benutzen
|b n
|2 rdamedia
|
| 338 |
|
|
|a Band
|b nc
|2 rdacarrier
|
| 490 |
0 |
|
|a Kaiser-Taschenbücher
|v 170
|
| 500 |
|
|
|a Literaturverz. S. 243 - 253
|
| 583 |
1 |
|
|a Archivierung/Langzeitarchivierung gewährleistet
|f SSG
|x XA-DE-BW
|2 pdager
|5 DE-21
|
| 650 |
|
0 |
|a Sexual Violence
|x Feminist theology
|
| 650 |
0 |
7 |
|0 (DE-588)1253967660
|0 (DE-627)1796400084
|a Sexualisierte Gewalt
|2 gnd
|
| 650 |
0 |
7 |
|0 (DE-588)4018202-2
|0 (DE-627)104270705
|0 (DE-576)208923209
|a Frau
|2 gnd
|
| 650 |
0 |
7 |
|0 (DE-588)4113537-4
|0 (DE-627)10582870X
|0 (DE-576)209477296
|a Feministische Theologie
|2 gnd
|
| 650 |
|
4 |
|a Gewalt, Bibel, Theologie, Mädchen, Frauen
|
| 655 |
|
7 |
|a Aufsatzsammlung
|0 (DE-588)4143413-4
|0 (DE-627)105605727
|0 (DE-576)209726091
|2 gnd-content
|
| 689 |
0 |
0 |
|d s
|0 (DE-588)4020832-1
|0 (DE-627)10631663X
|0 (DE-576)208934979
|a Gewalt
|2 gnd
|
| 689 |
0 |
1 |
|d s
|0 (DE-588)4116485-4
|0 (DE-627)105806315
|0 (DE-576)209501987
|a Sexualverhalten
|2 gnd
|
| 689 |
0 |
2 |
|d s
|0 (DE-588)4018202-2
|0 (DE-627)104270705
|0 (DE-576)208923209
|a Frau
|2 gnd
|
| 689 |
0 |
3 |
|d s
|0 (DE-588)4113537-4
|0 (DE-627)10582870X
|0 (DE-576)209477296
|a Feministische Theologie
|2 gnd
|
| 689 |
0 |
|
|5 DE-101
|
| 700 |
1 |
|
|a Eichler, Ulrike
|d 1960-
|e Hrsg.
|0 (DE-588)121036529
|0 (DE-627)705180115
|0 (DE-576)160840511
|4 edt
|
| 700 |
1 |
|
|a Müllner, Ilse
|d 1966-
|e HerausgeberIn
|0 (DE-588)11551080X
|0 (DE-627)508765145
|0 (DE-576)177598379
|4 edt
|
| 856 |
4 |
2 |
|u http://scans.hebis.de/HEBCGI/show.pl?07441055_toc.pdf
|m V:DE-603;B:DE-17
|q application/pdf
|3 Inhaltsverzeichnis
|7 1
|
| 889 |
|
|
|w (DE-627)071927654
|
| 935 |
|
|
|a mteo
|a RFBW
|
| 935 |
|
|
|i mdedup
|
| 935 |
|
|
|i Blocktest
|
| 936 |
r |
v |
|a BL 5380
|b Die Frau in der Kirche, Feministische Theologie, Geschlechterforschung (Gender Studies)
|k Theologie und Religionswissenschaften
|k Christliche Gesellschaftslehre
|k Formen und Strukturen der Gesellschaft
|k Frau
|k Die Frau in der Kirche, Feministische Theologie, Geschlechterforschung (Gender Studies)
|0 (DE-627)1270664336
|0 (DE-625)rvk/12177:
|0 (DE-576)200664336
|
| 936 |
b |
k |
|a 11.69
|j Systematische Theologie: Sonstiges
|0 (DE-627)106419706
|
| 936 |
s |
n |
|a b100
|2 mzub
|
| 936 |
s |
n |
|a m200
|2 mzub
|
| 951 |
|
|
|a BO
|
| ELC |
|
|
|b 1
|
| LOK |
|
|
|0 000 xxxxxcx a22 zn 4500
|
| LOK |
|
|
|0 001 3086143592
|
| LOK |
|
|
|0 003 DE-627
|
| LOK |
|
|
|0 004 265592828
|
| LOK |
|
|
|0 005 20020411000000
|
| LOK |
|
|
|0 008 020306||||||||||||||||ger|||||||
|
| LOK |
|
|
|0 040
|a DE-21-110
|c DE-627
|d DE-21-110
|
| LOK |
|
|
|0 852
|a DE-21-110
|
| LOK |
|
|
|0 852 1
|c E X 120
|m p
|9 00
|
| LOK |
|
|
|0 935
|a k110
|
| LOK |
|
|
|0 936ln
|a 10.10.3
|
| LOK |
|
|
|0 938
|k p
|
| LOK |
|
|
|0 939
|a 06-03-02
|b l01
|
| ORI |
|
|
|a SA-MARC-krimdoka001.raw
|
| SIG |
|
|
|a IFK: E X 120
|